000
00332nam a2200133Ia 4500
008
240624s9999 xx 000 0 und d
041
_a
eng
082
_a
658.872 SIM
100
_a
SIMPSON ERICK
245
_a
BEST I T SALES MARKETING BOOK EVER
260
_c
2007
_a
USA
_b
MSP University
300
_a
464 : p. : cm. ; 25
365
_c
999
_c
10686
_d
10686